000 00359nam a2200145Ia 4500
008 191201s2012 xx 000 0 und d
082 _a658.3
_bRAE
100 _aRAO,P Subba
245 0 _aEssentials of Human Resource Management
250 _aRev
260 _aN.Delhi
_bHimalaya Publication House
_c2012
300 _a685
650 _aMBA
942 _2ddc
_cBK
999 _c5468
_d5468